000 00598nam a2200229Ia 4500
003 OSt
005 20220928104158.0
006 a|||||r|||| 00| 0
007 ta
008 220927b |||||||| |||| 00| 0 eng d
024 _a94445
037 _cTextual
040 _aSDCL
_cSDCL
_beng
041 _2eng
_aeng
082 _aO157,4M61, P4
100 _aSaha Ranjeet
_9402302
245 0 _aKaalpatra
_b Ravindranath-Ramanand
260 _aDelhi
_bGrantha Lok
_c2004
300 _a271p
_ccm.
942 _hO157,4M61, P4
_cTEXL
_2CC
999 _c725024
_d725024